00257nam a2200109Ia 4500008004100000100001900041245002600060260003000086300000900116942000700125999001500132190216s9999||||xx |||||||||||||| ||und|| aVenkataramanan 0aManagement Accounting bA.V.Chand & Companyc1968 a239p cBK c4906d4906